000 003780000a22001690004500
003 LK-CoMWRAF
008 230817t ||||| |||| 00| 0 eng d
040 _aLK-CoMWRAF
_dLK-CoMWRAF
_eLK-CoMWRAF
041 _aeng
082 _a300
_bPEN
245 _aPenn
_b
260 _aBatticaloa
_bSurya
_c1997
300 _ap.58
490 _aVol.2, No.2
650 _awomen
942 _cBK
999 _c2927
_d2927